000
00266nam a22001217a 4500
008
180202b xxu||||| |||| 00| 0 eng d
041
_a
eng
080
_2
5 ed
_a
33
100
_a
52
101
_a
eco
245
_a
economics of strategy
_c
david.b
942
_2
udc
_c
BK
999
_c
41612
_d
41612